Data mining : Techniques appliquées au marketing, à la vente et aux services clients
La naissnce du data mining, le cerle vertueux du data mining. Le cercle vertueux dans la pratique, les taaches du data mining...
Na minha lista:
| Autor principal: | |
|---|---|
| Formato: | Livro |
| Idioma: | Undetermined |
| Publicado em: |
Paris
InterÉditions
1997
|
| Assuntos: | |
| Tags: |
Adicionar Tag
Sem tags, seja o primeiro a adicionar uma tag!
|
| Thư viện lưu trữ: | Trung tâm Học liệu Trường Đại học Cần Thơ |
|---|
| LEADER | 00747nam a2200205Ia 4500 | ||
|---|---|---|---|
| 001 | CTU_232693 | ||
| 008 | 210402s9999 xx 000 0 und d | ||
| 082 | |a 006.3 | ||
| 082 | |b B534 | ||
| 100 | |a Berry, Michael J. A. | ||
| 245 | 0 | |a Data mining : | |
| 245 | 0 | |b Techniques appliquées au marketing, à la vente et aux services clients | |
| 245 | 0 | |c Michael J. A. Berry, Gordon Linoff | |
| 260 | |a Paris | ||
| 260 | |b InterÉditions | ||
| 260 | |c 1997 | ||
| 520 | |a La naissnce du data mining, le cerle vertueux du data mining. Le cercle vertueux dans la pratique, les taaches du data mining... | ||
| 650 | |a Trí tuệ nhân tạo,Artificial intelligence | ||
| 910 | |b dqhieu | ||
| 980 | |a Trung tâm Học liệu Trường Đại học Cần Thơ | ||